000 00483nam a2200169Ia 4500
008 220204s9999 xx 000 0 und d
082 _a65.012.122
_bTHI
100 _aKlekamp, Robert C
245 0 _aDecision making through operations research
250 _aEd.2
260 _aNew York
_bJohn Wiley
_c1975
490 _aWiley series in management and administration
650 _aDecision making
650 _aOperations research
700 _aThierauf, Robert J
942 _cBK
999 _c30507
_d30507